Alle Bahnhöfe in Bayern (SPNV) - Statistiken

Allgemein
  • Dieses Quiz wurde 231 mal gespielt
  • Das Durchschnittsergebnis liegt bei 188 aus 1069
Antwortstatistiken
Station % Korrekt
Alzenau Burg
93%
München-Berg am Laim
93%
München Hauptbahnhof
93%
Nürnberg Hauptbahnhof
92%
Hof Hauptbahnhof
89%
Augsburg Hauptbahnhof
87%
Ingolstadt Hauptbahnhof
87%
Erlangen
81%
Fürth (Bayern) Hauptbahnhof
80%
Furth (b Deisenhofen)
80%
Furth im Wald
80%
Würzburg Hauptbahnhof
80%
Regen
79%
Reuth (b Erbendorf)
77%
Hausen (Schwaben)
76%
Regensburg Hauptbahnhof
75%
Bamberg
73%
Neu-Ulm
73%
Nürnberg-Stein
73%
Passau Hauptbahnhof
73%
Stein (Traun)
73%
Aschaffenburg Hauptbahnhof
72%
Erlangen-Bruck
72%
Bad Endorf (Oberbayern)
71%
München-Pasing
71%
Kempten (Allgäu) Hauptbahnhof
68%
Coburg
67%
Freising
67%
Landshut (Bayern) Hauptbahnhof
67%
Rosenheim
67%
Schweinfurt Hauptbahnhof
67%
Dachau Bahnhof
65%
Lohgarten-Roth
65%
Roth
65%
Wörth am Main
61%
Wörth (Isar)
61%
Erding
60%
Garmisch-Partenkirchen
60%
München Ost
60%
Donauwörth
59%
Memmingen
59%
Neumarkt-St Veit
57%
Traunstein
57%
Ansbach
56%
Deggendorf Hauptbahnhof
56%
München-Aubing
56%
München Flughafen Terminal
56%
Neumarkt (Oberpfalz)
56%
Amberg
55%
Pfaffenhofen (Ilm)
55%
Straß-Moos
55%
Bad Neustadt (Saale)
53%
Füssen
53%
Kemnath-Neustadt
53%
Neustadt (Aisch) Bahnhof
53%
Neustadt (Aisch) Mitte
53%
Neustadt (b Coburg)
53%
Neustadt (Donau)
53%
Neustadt (Waldnaab)
53%
Pfronten-Ried
53%
Schwandorf
53%
Fürstenfeldbruck
52%
Kaufbeuren
52%
Landsberg (Lech)
52%
Straubing
52%
Weiden (Oberpfalz)
52%
Ingolstadt Nord
51%
Starnberg
51%
Bad Kissingen
49%
Forchheim (Oberfranken)
49%
Rothenbürg
49%
Rothenburg ob der Tauber
49%
Cham (Oberpfalz)
48%
Freilassing
48%
Günzburg
48%
Lichtenfels
48%
Oberstdorf
48%
Bad Tölz
47%
Kulmbach
47%
Lindau-Insel
47%
Treuchtlingen
47%
Berchtesgaden Hauptbahnhof
45%
Buchloe
45%
Eichstätt Bahnhof
45%
Mühldorf (Oberbayern)
45%
München-Laim Pbf
45%
Schwabach
45%
Holzkirchen
44%
Kronach
44%
Otting-Weilheim
44%
Petershausen (Oberbayern)
44%
Plattling
44%
Rott (Inn)
44%
Weilheim (Oberbayern)
44%
Würzburg-Zell
44%
Dillingen (Donau)
43%
Feucht
43%
München Marienplatz
43%
Pegnitz
43%
Stetten (Schwaben)
43%
Aich (Niederbayern)
41%
Mittenwald
41%
Pfronten-Steinach
41%
Redwitz (Rodach)
41%
Steinach (b Rothenburg ob der Tauber)
41%
Haar
40%
Kinding (Altmühltal)
40%
Kitzingen
40%
Lindau-Reutin
40%
München Karlsplatz
40%
Wolfratshausen
40%
Dingolfing
39%
Mammendorf
39%
Mering
39%
Neufahrn (b Freising)
39%
Neufahrn (Niederbayern)
39%
Prien am Chiemsee
39%
Tutzing
39%
Allersberg (Rothsee)
37%
Geltendorf
37%
Illertissen
37%
Ismaning
37%
Marktredwitz
37%
Miltenberg
37%
München Donnersbergerbrücke
37%
München Hackerbrücke
37%
Murnau
37%
Nördlingen
37%
Sulzbach am Main
37%
Sulzbach (Inn)
37%
Unterhaching
37%
Bad Reichenhall
36%
Burghausen
36%
Ebersberg (Oberbayern)
36%
Immenstadt
36%
Kissing
36%
München Isartor
36%
Tegernsee
36%
Wasserburg (Bodensee)
36%
Wasserburg (Günz)
36%
Wasserburg (Inn) Bahnhof
36%
Weißenburg (Bayern)
36%
Augsburg-Oberhausen
35%
Gemünden (Main)
35%
Grafing Bahnhof
35%
Gunzenhausen
35%
Haßfurt
35%
Mering-St Afra
35%
München Flughafen Besucherpark
35%
München Rosenheimer Platz
35%
Unterschleißheim
35%
Friedberg (b Augsburg)
33%
Lohr Bahnhof
33%
Markt Schwaben
33%
München Hirschgarten
33%
München-Moosach
33%
Dörfles-Esbach
32%
Hochstadt-Marktzeuln
32%
München Leuchtenbergring
32%
Neuburg (Donau)
32%
Neuburg (Kammel)
32%
Oberschleißheim
32%
Olching
32%
Rohrbach (Ilm)
32%
Rohrbach (Oberbayern)
32%
Sonthofen
32%
Aichach
31%
Altdorf (b Nürnberg)
31%
Augsburg-Hochzoll
31%
Bogen
31%
Fischen
31%
Hallbergmoos
31%
Herrsching
31%
Höchstädt (Donau)
31%
Landau (Isar)
31%
München-Riem Pbf
31%
Oberammergau
31%
Altomünster
29%
Bad Aibling
29%
Bad Staffelstein
29%
Bayerisch Eisenstein
29%
Kaufering
29%
Moosburg
29%
Nürnberg Ost
29%
Senden
29%
Traunreut
29%
Unterammergau
29%
Zirndorf
29%
Zwiesel (Bayern)
29%
Altötting
28%
Aying
28%
Baar-Ebenhausen
28%
Bad Wörishofen
28%
Dinkelscherben
28%
Dombühl
28%
Eching
28%
Fischhausen-Neuhaus
28%
Garching (Alz)
28%
Germering-Unterpfaffenhofen
28%
Hergatz
28%
Hilpoltstein
28%
Karlstadt (Main)
28%
Kiefersfelden
28%
Landsberg (Lech) Schule
28%
Marktoberdorf Schule
28%
Mindelheim
28%
München-Karlsfeld
28%
Neuhaus (Pegnitz)
28%
Nürnberg Frankenstadion
28%
Ruhpolding
28%
Saal (Donau)
28%
Schongau
28%
Vaterstetten
28%
Alzenau (Unterfranken)
27%
Bobingen
27%
Gmund (Tegernsee)
27%
Lenggries
27%
Marktoberdorf
27%
München-Giesing
27%
München-Trudering
27%
Ochsenfurt
27%
Pleinfeld
27%
Poing
27%
Simbach (Inn)
27%
Taufkirchen
27%
Türkheim (Bayern) Bahnhof
27%
Übersee
27%
Vilshofen (Niederbayern)
27%
Augsburg Haunstetterstraße
25%
Bayrischzell
25%
Cadolzburg
25%
Eggenfelden
25%
Grub am Forst
25%
Grub (Oberbayern)
25%
Grub (Oberpfalz)
25%
Heilsbronn
25%
Kahl (Main)
25%
Kreuzstraße
25%
Lauf (links Pegnitz)
25%
Maisach
25%
Meitingen
25%
Miesbach
25%
München-Allach
25%
München Harras
25%
Oberau
25%
Peiß
25%
Pullach
25%
Röthenbach (Allgäu)
25%
Röthenbach (Oberpfalz)
25%
Röthenbach (Pegnitz)
25%
Schrobenhausen
25%
Türkenfeld
25%
Würzburg Süd
25%
Augsburg Messe
24%
Dachau Stadt
24%
Dorfen Bahnhof
24%
Gersthofen
24%
Gumpenried-Asbach
24%
Hirschaid
24%
Kochel
24%
Lauf (rechts Pegnitz)
24%
Ludwigsstadt
24%
München-Feldmoching
24%
München Heimeranplatz
24%
München-Obermenzing
24%
München-Perlach
24%
München-Solln
24%
Neusäß
24%
Schnelldorf
24%
Abensberg
23%
Bayreuth-St Georgen
23%
Deisenhofen
23%
Eichenau (Oberbayern)
23%
Eichstätt Stadt
23%
Gauting
23%
Ingolstadt Audi
23%
Maxhütte-Haidhof
23%
Münchberg
23%
München-Fasanerie
23%
München-Neuperlach Süd
23%
München-Untermenzing
23%
München-Westkreuz
23%
Oberstaufen
23%
Pfarrkirchen
23%
Schwabmünchen
23%
Teisnach Rohde & Schwarz
23%
Thann-Matzbach
23%
Altenerding
21%
Altenstadt (Iller)
21%
Altenstadt (Waldnaab)
21%
Bad Windsheim
21%
Ebenhausen-Schäftlarn
21%
Ellingen (Bayern)
21%
Eltersdorf
21%
Farchant
21%
Feucht Ost
21%
Fischbach (b Nürnberg)
21%
Gessertshausen
21%
Gilching-Argelsried
21%
Großhesselohe Isartalbahnhof
21%
Kirchseeon
21%
Laufen (Oberbayern)
21%
Leipheim
21%
Markt Indersdorf
21%
München-Daglfing
21%
München Siemenswerke
21%
Nabburg
21%
Nordendorf
21%
Nürnberg Nordost
21%
Oberasbach
21%
Oberkotzau
21%
Otting
21%
Ottobrunn
21%
Planegg
21%
Postbauer-Heng
21%
Rottendorf
21%
Unterföhring
21%
Vach
21%
Vilsbiburg
21%
Aschaffenburg Hochschule
20%
Aschau (Chiemgau)
20%
Blaichach (Allgäu)
20%
Breitengüßbach
20%
Buchenau (Oberbayern)
20%
Burgau (Schwaben)
20%
Ebenhausen (Unterfranken)
20%
Eggolsheim
20%
Grafing Stadt
20%
Gröbenzell
20%
Harburg (Schwaben)
20%
Hersbruck (rechts Pegnitz)
20%
Jettingen
20%
Laaber
20%
Laufach
20%
Marktbreit
20%
Mertingen Bahnhof
20%
München-Lochhausen
20%
Obertraubling
20%
Pocking
20%
Puchheim
20%
Regenstauf
20%
Rosenheim Hochschule
20%
Starnberg Nord
20%
Sulzbach-Rosenberg
20%
Viechtach
20%
Vohburg-Rockolding
20%
Waging
20%
Weißenhorn
20%
Wunsiedel-Holenbrunn
20%
Bad Kohlgrub
19%
Bad Rodach
19%
Burgthann
19%
Dießen
19%
Ebern
19%
Emskirchen
19%
Grafrath
19%
Hersbruck (links Pegnitz)
19%
Icking
19%
Kempten (Allgäu) Ost
19%
Kirchheim (Unterfranken)
19%
Klais
19%
Kolbermoor
19%
Lohhof
19%
Marktl
19%
München-Fasangarten
19%
München-Johanneskirchen
19%
München St Martin-Straße
19%
Neuenmarkt-Wirsberg
19%
Neuötting
19%
Osterhofen (Niederbayern)
19%
Osterhofen (Oberbayern)
19%
Oy-Mittelberg
19%
Peißenberg
19%
Penzberg Pbf
19%
Rain
19%
Reichertshausen (Ilm)
19%
Rödental
19%
Seefeld-Hechendorf
19%
Veitshöchheim
19%
Waldkraiburg-Kraiburg
19%
Wassertrüdingen
19%
Weißenhorn-Eschach
19%
Aschaffenburg Süd
17%
Bergen (Oberbayern)
17%
Burgsinn
17%
Creußen (Oberfranken)
17%
Dasing
17%
Ebermannstadt
17%
Fasanenpark
17%
Georgensgmünd
17%
Grafenau
17%
Gundelfingen (Bayern)
17%
Günzach
17%
Hallstadt (b Bamberg)
17%
Heigenbrücken
17%
Höhenkirchen-Siegertsbrunn
17%
Küps
17%
Lam
17%
Lauingen
17%
Lindau-Aeschach
17%
Markt Erlbach
17%
München-Englschalking
17%
München-Langwied
17%
München Leienfelsstraße
17%
Nürnberg-Schweinau
17%
Oberaudorf
17%
Regensburg-Burgweinting
17%
Retzbach-Zellingen
17%
Röhrmoos
17%
Roßtal
17%
Schliersee
17%
Schöllkrippen
17%
Schweinfurt Mitte
17%
Solnhofen
17%
Tittmoning-Wiesmühl
17%
Uffenheim
17%
Utting
17%
Althegnenberg
16%
Baierbrunn
16%
Baiersdorf
16%
Beratzhausen
16%
Brannenburg
16%
Coburg Nord
16%
Diedorf (Schwaben)
16%
Ebensfeld
16%
Erlenbach am Main
16%
Feldafing
16%
Feldkirchen (b München)
16%
Finningerstraße
16%
Gaimersheim
16%
Graben (Lechfeld) Gewerbepark
16%
Gräfelfing
16%
Hohenschäftlarn
16%
Höllriegelskreuth
16%
Iphofen
16%
Kellmünz
16%
Leutershausen-Wiedersbach
16%
Mainaschaff
16%
Malching (Oberbayern)
16%
Martinszell (Allgäu)
16%
München-Mittersendling
16%
Nonnenhorn
16%
Oerlenbach
16%
Paindorf
16%
Parsberg
16%
Petersaurach
16%
Pulling (b Freising)
16%
Rehau
16%
Reichelsdorfer Keller
16%
Sachsen (b Ansbach)
16%
Sauerlach
16%
Schwaig
16%
Schwarzenbach (b Pressath)
16%
Schwarzenbach (Saale)
16%
Seeshaupt
16%
Sinzing
16%
St Koloman
16%
Stockstadt (Main)
16%
Strullendorf
16%
Tüßling
16%
Unterasbach
16%
Vierkirchen-Esterhofen
16%
Vöhringen
16%
Weßling (Oberbayern)
16%
Windsbach
16%
Zorneding
16%
Aßling (Oberbayern)
15%
Augsburg Morellstraße
15%
Bad Abbach
15%
Bad Aibling Kurpark
15%
Baldham
15%
Bernau am Chiemsee
15%
Bichl
15%
Buchbrunn-Mainstockheim
15%
Burgbernheim
15%
Burgkirchen
15%
Dietmannsried
15%
Durach
15%
Eggmühl
15%
Egling
15%
Erdweg
15%
Ergoldsbach
15%
Fürstenzell
15%
Fürth-Klinikum
15%
Gronsdorf
15%
Hammelburg
15%
Haspelmoor
15%
Hebertshausen
15%
Kirchenlaibach
15%
Krumbach (Schwaben)
15%
Lagerlechfeld
15%
Markt Bibart
15%
Marktschorgast
15%
Muhr am See
15%
München-Freiham
15%
Murnau Ort
15%
Nersingen
15%
Nürnberg-Dutzendteich
15%
Nürnberg-Steinbühl
15%
Otterfing
15%
Petersaurach Nord
15%
Schöngeising
15%
Schweinfurt Stadt
15%
Selb Stadt
15%
Siegsdorf
15%
Traunstein Klinikum
15%
Triesdorf
15%
Waldmünchen
15%
Würzburg-Heidingsfeld Ost
15%
Ainring
13%
Amorbach
13%
Aufhausen (b Erding)
13%
Bad Grönenbach
13%
Bad Kohlgrub Kurhaus
13%
Bad Reichenhall-Kirchberg
13%
Bayreuth Hauptbahnhof
13%
Benediktbeuern
13%
Biessenhofen
13%
Esting
13%
Hartmannshof
13%
Helmbrechts
13%
Himmelstadt
13%
Hohenpeißenberg
13%
Langenprozelten
13%
Langenzenn
13%
Markt Heimenkirch
13%
Mindelaltheim
13%
München-Neuaubing
13%
Münchsmünster
13%
Neuendettelsau
13%
Nürnberg-Mögeldorf
13%
Oberelchingen
13%
Obernburg-Elsenfeld
13%
Obersinn
13%
Offingen
13%
Pappenheim
13%
Piding
13%
Possenhofen
13%
Raubling
13%
Roßtal-Wegbrücke
13%
Schaftlach
13%
Schwabhausen (b Dachau)
13%
Seeg
13%
Simmelsdorf-Hüttenbach
13%
Steinbach am Wald
13%
St Mang
13%
Stockdorf
13%
Thüngersheim
13%
Uffing am Staffelsee
13%
Unterelchingen
13%
Wiesau (Oberpfalz)
13%
Winterhausen
13%
Adelschlag
12%
Altstädten (Allgäu)
12%
Bellenberg
12%
Burgbernheim-Wildbad
12%
Enzisweiler
12%
Feilitzsch
12%
Freihalden
12%
Fürth-Burgfarrnbach
12%
Gars (Inn)
12%
Gernlinden
12%
Gotteszell
12%
Gräfenberg
12%
Großkarolinenfeld
12%
Hagenbüchach
12%
Hösbach
12%
Klingenberg am Main
12%
Mellrichstadt Bahnhof
12%
Merching
12%
Münnerstadt
12%
Naila
12%
Nesselwang
12%
Neubiberg
12%
Nürnberg Rothenburger Straße
12%
Oberdachstetten
12%
Ottensoos
12%
Partenstein
12%
Pölling
12%
Regensburg-Prüfening
12%
Sand (Niederbayern)
12%
Schmiechen (Schwaben)
12%
Schondorf (Bayern)
12%
Siegelsdorf
12%
Steinhöring
12%
Stockheim (Oberfranken)
12%
St Ottilien
12%
Teisendorf
12%
Teisnach
12%
Thalfingen (b Ulm)
12%
Töging (Inn)
12%
Trostberg
12%
Unterheckenhofen
12%
Weizern-Hopferau
12%
Westheim (Schwaben)
12%
Zeil
12%
Ampfing
11%
Bernried
11%
Bischofswiesen
11%
Bruckmühl
11%
Brunnen
11%
Bubenreuth
11%
Büchenbach
11%
Buttenheim
11%
Chamerau
11%
Dettelbach Bahnhof
11%
Dettingen (Main)
11%
Eglharting
11%
Eschenbach (b Markt Erlbach)
11%
Eschenlohe
11%
Fischbachau
11%
Gablingen
11%
Großhelfendorf
11%
Harthaus
11%
Hohenbrunn
11%
Huglfing
11%
Iffeldorf
11%
Kleinheubach
11%
Kleinostheim
11%
Kleinwallstadt
11%
Klosterlechfeld
11%
Langenwang (Schwaben)
11%
Lochham
11%
Luhe-Wildenau
11%
Mainleus
11%
Marzling
11%
Mittelsinn
11%
Mühlstetten
11%
Neugilching
11%
Neukirchen (b Sulzbach-Rosenberg)
11%
Neukirchen (Inn)
11%
Neunkirchen am Sand
11%
Nürnberg-Dürrenhof
11%
Nürnberg-Erlenstegen
11%
Peiting Ost
11%
Pfreimd
11%
Rednitzhembach
11%
Rieneck
11%
Roding
11%
Steinebach
11%
Wallersdorf
11%
Warngau
11%
Westendorf
11%
Wiesthal
11%
Zapfendorf
11%
Altenau (Bayern)
9%
Bad Birnbach
9%
Bad Kötzting
9%
Bad Steben
9%
Bodenmais
9%
Bruckberg
9%
Ebing
9%
Forchheim Nord
9%
Genderkingen
9%
Griesen (Oberbayern)
9%
Heimstetten
9%
Inningen
9%
Kahl Kopp/Heide
9%
Kleinberghofen
9%
Kutzenhausen
9%
Landshut (Bayern) Süd
9%
Laudenbach am Main
9%
Lengenwang
9%
Luhe
9%
Meeder
9%
Möttingen
9%
Obergries
9%
Obergriesbach
9%
Ottenhofen (Oberbayern)
9%
Peiting Nord
9%
Pommelsbrunn
9%
Raisting
9%
Reichersbeuern
9%
Rückersbacher Schlucht
9%
Saulgrub
9%
Schechen
9%
Schwarzenfeld (Oberpfalz)
9%
Stadtprozelten
9%
Straubing Ost
9%
Tauberfeld
9%
Vilseck
9%
Weidenberg
9%
Wicklesgreuth
9%
Arzberg (Oberfranken)
8%
Bachern
8%
Bayerisch Gmain
8%
Buchenhain
8%
Dollnstein
8%
Dorfprozelten
8%
Dürrnhaar
8%
Ebelsbach-Eltmann
8%
Edling
8%
Ellzee
8%
Erlangen Paul-Gossen-Straße
8%
Feucht Moosbach
8%
Flintsbach
8%
Frauenau
8%
Fürth-Unterfürberg
8%
Gaißach
8%
Garmisch-Partenkirchen Hausberg
8%
Gmund Finsterwald
8%
Happurg
8%
Hausham
8%
Heroldsberg
8%
Hof-Neuhof
8%
Ichenhausen
8%
Kersbach
8%
Kirchanschöring
8%
Krumbach (Schwaben) Schule
8%
Langweid (Lech)
8%
Lauf West
8%
Ludwigschorgast
8%
Michelau (Oberfranken)
8%
Mimberg
8%
Oberferrieden
8%
Pfronten-Weißbach
8%
Rosenheim Aicherpark
8%
Röthenbach-Steinberg
8%
Schirnding
8%
Schonungen
8%
Schwindegg
8%
Seeleiten-Berggeist
8%
Selb Nord
8%
Seligenstadt (b Würzburg)
8%
Soyen
8%
Sünching
8%
Tapfheim
8%
Trebgast
8%
Untersteinach (b Bayreuth)
8%
Untersteinach (b Stadtsteinach)
8%
Velden (b Hersbruck)
8%
Wächterhof
8%
Weidenbach
8%
Westerham
8%
Altdorf West
7%
Altenmarkt (Alz)
7%
Aschaffenburg Obernau
7%
Bäumenheim
7%
Bindlach
7%
Burgkunstadt
7%
Darching
7%
Ebersdorf (b Coburg)
7%
Eckersmühlen
7%
Etzelwang
7%
Faulbach (Main)
7%
Hagelstadt
7%
Hebertsfelden
7%
Henfenfeld
7%
Hörlkofen
7%
Hörpolding
7%
Irrenlohe
7%
Kastl (Oberbayern)
7%
Langenbach (Oberbayern)
7%
Moosrain
7%
Nürnberg-Gleißhammer
7%
Nürnberg-Sandreuth
7%
Oberhaid
7%
Oberottmarshausen
7%
Ochenbruck
7%
Ostermünchen
7%
Peißenberg Nord
7%
Poppenhausen
7%
Pressath
7%
Pressig-Rothenkirchen
7%
Puschendorf
7%
Schnabelwaid
7%
Schnaittach Markt
7%
Schneeberg im Odenwald
7%
Schwabach-Limbach
7%
Selbitz
7%
Sontheim (Schwaben)
7%
Stammbach
7%
Straubing Hafen
7%
Wilhermsdorf
7%
Windischeschenbach
7%
Winkelhaid
7%
Alte Veste
5%
Anwanden
5%
Behringersdorf
5%
Bergtheim
5%
Blindheim
5%
Coburg-Neuses
5%
Collenberg
5%
Creidlitz
5%
Deining (Oberpfalz)
5%
Eggenfelden Mitte
5%
Eitensheim
5%
Etterzhausen
5%
Freilassing-Hofham
5%
Freudenberg-Kirschfurt
5%
Fridolfing
5%
Geiselhöring
5%
Julbach
5%
Kleingemünden
5%
Langlau
5%
Ludersheim
5%
Ludwigsthal
5%
Mainroth
5%
Mallersdorf
5%
Marxgrün
5%
Mausheim
5%
Mönchröden
5%
Neuses (b Kronach)
5%
Nürnberg-Eibach
5%
Nürnberg-Laufamholz
5%
Nürnberg Ostring
5%
Nürnberg-Rehhof
5%
Nürnberg-Reichelsdorf
5%
Pinzberg
5%
Radldorf (Niederbayern)
5%
Raitersaich
5%
Reichenberg
5%
Rödental Mitte
5%
Röthenbach-Seespitze
5%
Schney
5%
Schwenningen (Bayern)
5%
Selb-Plößberg
5%
Seubersdorf
5%
Straßkirchen
5%
Sulzberg
5%
Tulling
5%
Undorf
5%
Urschalling
5%
Weiherhammer
5%
Zollhaus-Petersthal
5%
Adelsdorf (Mittelfranken)
4%
Alzenau Nord
4%
Arnschwang
4%
Batzhausen
4%
Bodenwöhr Nord
4%
Deuerling
4%
Egglkofen
4%
Elfershausen-Trimberg
4%
Ernsgaden
4%
Eschenau (Mittelfranken)
4%
Förtschendorf
4%
Gerlenhofen
4%
Goßmannsdorf
4%
Gräfendorf
4%
Gundelsdorf
4%
Gundelshausen
4%
Hammelburg Ost
4%
Hasloch am Main
4%
Hoppingen
4%
Illesheim
4%
Immenreuth
4%
Katzwang
4%
Kirchweidach
4%
Köfering
4%
Königshofen (Kahl)
4%
Langdorf
4%
Maria Rain
4%
Massing
4%
Neustift (b Passau)
4%
Ohlstadt
4%
Radersdorf
4%
Raindorf
4%
Rammingen (Bayern)
4%
Rebdorf-Hofmühle
4%
Reichenschwand
4%
Riederau
4%
Rückersdorf (Mittelfranken)
4%
Schweinsdorf
4%
Spiegelau
4%
St Alban
4%
Vachendorf
4%
Vorra (Pegnitz)
4%
Waigolshausen
4%
Weilbach
4%
Weilbach in Unterfranken
4%
Wernfeld
4%
Wörnitzstein
4%
Agatharied
3%
Arrach
3%
Bad Höhenstadt
3%
Baunach
3%
Blankenbach
3%
Bodelsberg
3%
Burgheim
3%
Coburg-Beiersdorf
3%
Dietersheim
3%
Egersdorf
3%
Eßleben
3%
Euerdorf
3%
Feldolling
3%
Forsting
3%
Freihöls
3%
Freihung
3%
Fürth-Dambach
3%
Fürth Westvorstadt
3%
Geisenbrunn
3%
Geisenhausen
3%
Gendorf
3%
Glanzstoffwerke
3%
Hammerau
3%
Hardhof
3%
Heiligenstatt
3%
Heroldsberg Nord
3%
Heufeld
3%
Heufeldmühle
3%
Hohenstadt (Mittelfranken)
3%
Hohenwarth (Niederbayern)
3%
Höllenthal
3%
Ipsheim
3%
Jettenbach
3%
Kirchenlamitz Ost
3%
Laberweinting
3%
Laubendorf
3%
Ludwigshöhe
3%
Marktleuthen
3%
Martinlamitz
3%
Matzing
3%
Mömbris-Mensengesäß
3%
Ottenhofen-Bergel
3%
Poikam
3%
Ramerberg
3%
Ramsberg
3%
Rupprechtstegen
3%
Schalchen
3%
Schönwald (Oberfranken)
3%
Thansüß
3%
Triefenried
3%
Untergrainau
3%
Waldershof
3%
Walpertskirchen
3%
Wasserzell (b Eichstätt)
3%
Weichering
3%
Weiherhof
3%
Wertach-Haslach
3%
Wiesmühl (Alz)
3%
Wilhermsdorf Mitte
3%
Witzighausen
3%
Wullenstetten
3%
Zirndorf Kneippallee
3%
Bayerbach
1%
Bettmannsäge
1%
Blaibach (Oberpfalz)
1%
Böhmhof
1%
Breitenbrunn (Schwaben)
1%
Burglauer
1%
Cronheim
1%
Ebenhofen
1%
Ebermergen
1%
Grafenaschau
1%
Grafenwiesen
1%
Hartershofen
1%
Hinrichssegen
1%
Hufschlag
1%
Igensdorf
1%
Kalchreuth
1%
Karpfham
1%
Kleinkötz
1%
Leuterschach
1%
Michelbach (Unterfranken)
1%
Miltach
1%
Neusorg
1%
Niederlindhart
1%
Oberlindhart
1%
Pechbrunn
1%
Pfaffenhausen
1%
Pösing
1%
Ramsenthal
1%
Rentweinsdorf
1%
Röslau
1%
Seiboldsdorf
1%
Seybothenreuth
1%
Speikern
1%
Stockau
1%
Trabitz
1%
Umrathshausen Ort
1%
Unterhausen (Bayern)
1%
Unterschwaningen
1%
Unterwurmbach
1%
Walleshausen
1%
Wernberg
1%
Wiesenfeld (b Coburg)
1%
Wurlitz
1%
Aletshausen
0%
Anzenkirchen
0%
Arnbach
0%
Außenried
0%
Balbersdorf
0%
Bibelöd
0%
Billenhausen
0%
Diebach
0%
Döhlau
0%
Dottenheim
0%
Eisenärzt
0%
Engertsham
0%
Erkersreuth
0%
Förbau
0%
Forth
0%
Frahelsbruck
0%
Friedrichsthal (b Bayreuth)
0%
Geigant
0%
Geitau
0%
Geroldshausen
0%
Görschnitz
0%
Gosberg
0%
Grafling-Arzting
0%
Großarmschlag
0%
Großgeschaidt
0%
Großwalbur
0%
Gündlkofen
0%
Haidenaab-Göppmannsbühl
0%
Harsdorf
0%
Haupeltshofen
0%
Hedersdorf
0%
Herbertshofen
0%
Hildbrandsgrün
0%
Hirschfelden
0%
Hochwang
0%
Hohenwarth (Niederbayern) Campingplatz
0%
Höpfling
0%
Ittling
0%
Kälberau
0%
Kirchehrenbach
0%
Klingenbrunn
0%
Köditz
0%
Kothmaißling
0%
Laineck
0%
Lichtenthal
0%
Loppenhausen
0%
Manndorf
0%
Michelaubrück
0%
Miltenberg-Breitendiel
0%
Mömbris-Strötzbach
0%
Morlesau
0%
Nassenbeuren
0%
Neubäu
0%
Niederraunau
0%
Niederroth
0%
Niedersteinbach
0%
Oberwerrn
0%
Pankofen
0%
Patersdorf
0%
Perkam
0%
Pretzfeld
0%
Reckendorf
0%
Rohrenfeld
0%
Rollhofen
0%
Rosenau (b Grafenau)
0%
Rottershausen
0%
Ruhmannsfelden
0%
Ruhstorf
0%
Rüsselbach
0%
Sallach
0%
Schimborn
0%
Seulbitz
0%
Stegenwaldhaus
0%
Tacherting
0%
Traundorf
0%
Unfriedsdorf
0%
Unteraschau
0%
Viechtach Schnitzmühle
0%
Waffenbrunn
0%
Watzlsteg
0%
Weibhausen
0%
Weickersgrüben
0%
Weiding
0%
Weißenohe
0%
Westheim-Langendorf
0%
Wiesenthau
0%
Willmering
0%
Wolfsmünster
0%
Wüstenselbitz
0%
Zellertal
0%
Zillendorf
0%
Zwieselau
0%
Keine übereinstimmenden Quizze gefunden
Verteilung der Resultate
Anzahl Personen mit jedem Resultat
Perzentil nach korrekt beantworteten Fragen
Ihre Resultats-Entwicklung
Sie haben dieses Quiz noch nicht gespielt